000 00499nam a2200193Ia 4500
005 20240913130119.0
008 240913s9999||||xx |||||||||||||| ||und||
041 _aENGLISH
082 _A378.1990 R1
100 _aChauhan R K
245 0 _aEncyclopaedia of Modern UGC Curriculum Beyond 2020-21 (Volume: 12)
250 _a1st
260 _c2021
_bOxford Book Co
500 _aREFERENCE
650 _aEncyclopedia
_bGeneral
700 _a Veena Bhalla
942 _cREF
999 _c246996
_d246996